[Event "Sant Boi de Llobregat op 4th"]
[Site "Sant Boi de Llobregat"]
[Date "2023.12.08"]
[Round "9"]
[White "Sosa, Tomas1"]
[Black "Akbas, Umut Ata"]
[Result "1-0"]
[WhiteElo "2558"]
[BlackElo "2446"]
[PlyCount "151"]
[EventDate "2023.11.30"]
[EventType "swiss"]
[EventRounds "9"]
[EventCountry "ESP"]
[SourceTitle "CB50_2023"]
[SourceDate "2023.12.13"]
[SourceVersion "1"]
[SourceVersionDate "2023.12.13"]
[SourceQuality "1"]

1. e4 e5 2. Nf3 Nc6 3. Bc4 Nf6 4. d3 Bc5 5. Nbd2 d6 6. c3 0-0 7. h3 a6 8. Bb3 Ba7 9. Nf1 Be6 10. Bc2 d5 11. exd5 Nxd5 12. Ng3 f6 13. 0-0 Qd7 14. Re1 Rfe8 15. Nh2 Rad8 16. Ng4 Nce7 17. Qf3 Ng6 18. Nh5 Kh8 19. Bd2 Qf7 20. Ng3 Nh4 21. Qd1 Nf4 22. Bxf4 exf4 23. Ne2 g5 24. d4 c5 25. Qd3 h5 26. Nh2 Bc4 27. Qd2 Qd5 28. f3 cxd4 29. Nxd4 Bxd4+ 30. cxd4 Qxd4+ 31. Qxd4 Rxe1+ 32. Rxe1 Rxd4 33. Re4 Rxe4 34. Bxe4 b6 35. b3 Bf7 36. Nf1 Kg7 37. Nd2 Ng6 38. Bd3 a5 39. Ne4 Ne5 40. Bb5 Be6 41. Kf2 Kf7 42. Ke2 Ke7 43. Nc3 Bf7 44. Kd2 Kd6 45. Ne4+ Ke6 46. Nc3 Ke7 47. Ba6 Nd7 48. Na4 Kd6 49. Bb5 Ne5 50. Be2 Kc6 51. Nc3 f5 52. Nb5 Kc5 53. Kc3 Be8 54. Nd4 Bd7 55. a3 Nc6 56. Nc2 Ne7 57. b4+ axb4+ 58. axb4+ Kd6 59. Kd4 Ba4 60. Na3 Nd5 61. Nc4+ Ke6 62. Bd3 Bb3 63. b5 Ne3 64. Nxb6 Nxg2 65. Na8 Ne1 66. b6 Bd5 67. Bc4 Nxf3+ 68. Kc5 Bxc4 69. b7 Ne5 70. Nb6 f3 71. b8Q f2 72. Qd6+ Kf7 73. Nxc4 Nxc4 74. Qd5+ Kf6 75. Qxc4 g4 76. Qd4+ 1-0

[Event "Ayvalik Lemon"]
[Site "Ayvalik"]
[Date "2023.09.07"]
[Round "6"]
[White "Bryakin, Mikhail"]
[Black "Akbas, Umut Ata"]
[Result "1/2-1/2"]
[WhiteElo "2481"]
[BlackElo "2443"]
[PlyCount "26"]
[EventDate "2023.09.04"]
[EventType "schev"]
[EventRounds "9"]
[EventCountry "TUR"]
[SourceTitle "EXT 2024"]
[Source "ChessBase"]
[SourceDate "2023.10.10"]
[SourceVersion "1"]
[SourceVersionDate "2023.10.10"]
[SourceQuality "1"]
[WhiteTeam "Team B"]
[BlackTeam "Team A"]
[WhiteTeamCountry "TUR"]
[BlackTeamCountry "TUR"]

1. d4 Nf6 2. Nc3 d6 3. e4 e5 4. Nf3 Nbd7 5. Bc4 Be7 6. 0-0 0-0 7. a4 c6 8. Re1 Qc7 9. Ba2 Re8 10. Ng5 Rf8 11. Nf3 Re8 12. Ng5 Rf8 13. Nf3 Re8 1/2-1/2

[Event "Ayvalik Lemon"]
[Site "Ayvalik"]
[Date "2023.09.04"]
[Round "1"]
[White "Akbas, Umut Ata"]
[Black "Rasulov, Vugar Ural Oglu"]
[Result "0-1"]
[WhiteElo "2443"]
[BlackElo "2538"]
[PlyCount "63"]
[EventDate "2023.09.04"]
[EventType "schev"]
[EventRounds "9"]
[EventCountry "TUR"]
[SourceTitle "EXT 2024"]
[Source "ChessBase"]
[SourceDate "2023.10.10"]
[SourceVersion "1"]
[SourceVersionDate "2023.10.10"]
[SourceQuality "1"]
[WhiteTeam "Team A"]
[BlackTeam "Team B"]
[WhiteTeamCountry "TUR"]
[BlackTeamCountry "TUR"]

1. d4 Nf6 2. c4 Nc6 3. Nf3 e6 4. g3 d5 5. Bg2 dxc4 6. Qa4 Bb4+ 7. Bd2 Nd5 8. Bxb4 Ndxb4 9. 0-0 Rb8 10. Nc3 a6 11. Ne5 0-0 12. Nxc6 Nxc6 13. Bxc6 bxc6 14. Qxc4 Qd6 15. e3 Rxb2 16. Rab1 Rb6 17. Na4 Rb5 18. Nc3 Ra5 19. Rb8 e5 20. Rfb1 exd4 21. exd4 h6 22. a4 Rd8 23. R1b4 c5 24. dxc5 Rxc5 25. Qb3 Qe5 26. Ne4 Rcd5 27. Qf3 Rd1+ 28. Kg2 Qa1 29. h4 Rh1 30. Qe2 h5 31. Ng5 Rf8 32. Qxh5 0-1